| 000 | 01073nam a22002657a 4500 | ||
|---|---|---|---|
| 005 | 20240530110429.0 | ||
| 008 | 150329s2003 su o f 001 0 ara d | ||
| 017 |
_a1424/999 _bالسعودية . مكتبة الملك فهد |
||
| 020 | _a9960403076 | ||
| 040 | _aEG-CaGPL | ||
| 082 | 0 | 4 |
_221 _a331 _bط/ف س |
| 100 | 1 |
_aفوكس ، ديبورا _qديبورا فوكس |
|
| 245 | 1 | 2 |
_aالفنادق / _cديبورا فوكس ؛ مركز التعريب والترجمة بمكتبة العبيكان |
| 250 | _aط1 | ||
| 260 |
_aالرياض : _bمكتبة العبيكان ، _c2003 |
||
| 300 |
_a27 ص : _bصور لو ؛ _c30 سم |
||
| 490 | 0 | _aسلسلة اعمال الناس | |
| 650 | 0 | 4 |
_aالفنادق _xتنظيم وادارة |
| 650 | 0 | 4 | _aالعمل والعمال |
| 650 | 0 | 4 |
_aالفادق _xكتب الاطفال |
| 650 | 0 | 4 |
_aالفادق _xالجوانب الاجتماعية |
| 710 | 2 |
_aمركز التعريب والترجمة بمكتبة العبيكان _eمترجم |
|
| 942 |
_2ddc _cBK |
||
| 999 |
_c60807 _d60807 |
||